Loading...

Veerasimhacharitam

Bibliografiske detaljer
Hovedforfatter: Vilhan
Format: Printed Book
Udgivet: Varanasi Chaukhambha 2005
Fag:
LEADER 00596nam a22001931a 4500
020 |a 9788121801720  |c 0.00 
040 |a SSUS - Library - Kalady 
082 |a S1  |b VIL/V 
100 |a Vilhan 
245 |a Veerasimhacharitam  |h [Text] 
260 |a Varanasi  |b Chaukhambha  |c 2005 
300 |a 104p. 
600 |a Literature 
600 |a Epic Poetry Sanskrit 
600 |a Literature Sanskrit 
852 |h S1  |i VIL/V  |p 056279  |9 80.00  |t 0 
942 |c BK 
999 |c 49592  |d 49592 
952 |0 0  |1 0  |4 0  |6 S_1_000000000000000_VIL_V  |7 0  |9 72118  |a SSUS  |b SSUS  |d 2015-01-08  |g 80.00  |o S1 VIL/V  |p 056279  |r 2015-01-08  |v 0.00  |w 2015-01-08  |y BK